| 000 | 00663nam a2200241Ia 4500 | ||
|---|---|---|---|
| 003 | OSt | ||
| 005 | 20221005031608.0 | ||
| 006 | a|||||r|||| 00| 0 | ||
| 007 | ta | ||
| 008 | 221004b |||||||| |||| 00| 0 tam d | ||
| 024 | _a64478 | ||
| 037 | _cTextual | ||
| 040 |
_aCRL _cCRL _btam |
||
| 041 |
_2tam _atam |
||
| 082 | _aO31,2NSW1,1, K6 | ||
| 100 |
_aKomal Swamynathan Au. _9583949 |
||
| 245 | 0 |
_aPuthiya Paathai _b Naadakam |
|
| 260 |
_aChennai _bEzhuththu Prasuram India _c1966 |
||
| 300 |
_a173p. _ccm. |
||
| 650 | _aTAMIL LITERATURE | ||
| 942 |
_hO31,2NSW1,1, K6 _cTEXL _2cc |
||
| 999 |
_c938023 _d938023 |
||